000 00324nam a22001337a 4500
008 181015b xxu||||| |||| 00| 0 eng d
020 _a9780312387839
041 _aeng
080 _a070
100 _a39
101 _aMED
245 _aChoices Connections an introduction to Communication
_cCornack,S.M
942 _2udc
_cBK
999 _c49646
_d49646